000 00352cam a2200145ua 4500
041 _aeng
_h
082 _a631.5872
_bKEN/LA
100 _aKendell, R G .
245 _aLand drainage /
_cR G Kendell.
_hTextual Documents
260 _aLondon :
_bFaber and Faber Ltd ,
_c1995.
300 _a133 ; .
504 _a
942 _cBK
999 _c10437
_d10437